| 000 | 00514cam a2200193ua 4500 | ||
|---|---|---|---|
| 020 |
_a0-07-451515-2 _c140.00 |
||
| 041 |
_aeng _h |
||
| 082 |
_a697.93 _bARO/RE |
||
| 100 | _aArora, C P . | ||
| 245 |
_aRefrigeration and air conditioning / _cC.P.Arora. _hTextual Documents |
||
| 250 |
_a14 / _b. |
||
| 260 |
_aNew Delhi : _bTata Mc-Graw Hill Publishing Company , _c1995. |
||
| 300 |
_a726 : _b` ; . |
||
| 365 | _a140.00 | ||
| 504 | _a | ||
| 942 | _cBK | ||
| 999 |
_c1755 _d1755 |
||